[Event "European Chess Club Cup 2023"]
[Site "Durres, Albania"]
[Date "2023.10.03"]
[Round "3.13"]
[White "Mikhalevski, Victor"]
[Black "Keymer, Vincent"]
[Result "0-1"]
[TimeControl "90' + 30' & 30\""]
[WhiteElo "2527"]
[BlackElo "2717"]

1. Nf3 {[%clk 01:30:56]} {[%emt 00:00:03]} Nf6 {[%clk 01:30:19]} {[%emt
00:00:42]} 2. g3 {[%clk 01:31:13]} {[%emt 00:00:13]} b5 {[%clk 01:28:29]}
{[%emt 00:02:20]} 3. Bg2 {[%clk 01:31:23]} {[%emt 00:00:20]} Bb7 {[%clk
01:28:26]} {[%emt 00:00:34]} 4. O-O {[%clk 01:31:43]} {[%emt 00:00:09]} e6
{[%clk 01:26:55]} {[%emt 00:02:01]} 5. b3 {[%clk 01:31:46]} {[%emt 00:00:26]}
b4 {[%clk 01:20:49]} {[%emt 00:06:37]} 6. c4 {[%clk 01:28:25]} {[%emt
00:03:50]} bxc3 {[%clk 01:19:37]} {[%emt 00:01:43]} 7. dxc3 {[%clk 01:23:58]}
{[%emt 00:04:56]} a5 {[%clk 01:13:57]} {[%emt 00:06:11]} 8. c4 {[%clk
01:06:18]} {[%emt 00:18:10]} a4 {[%clk 01:13:17]} {[%emt 00:01:11]} 9. Nc3
{[%clk 01:04:33]} {[%emt 00:02:14]} axb3 {[%clk 01:05:39]} {[%emt 00:08:08]} 10.
Qxb3 {[%clk 01:04:52]} {[%emt 00:00:12]} Bc6 {[%clk 01:01:36]} {[%emt
00:04:33]} 11. e4 {[%clk 01:02:31]} {[%emt 00:02:50]} Nxe4 {[%clk 00:58:55]}
{[%emt 00:03:10]} 12. Nxe4 {[%clk 01:00:44]} {[%emt 00:02:18]} Bxe4 {[%clk
00:59:10]} {[%emt 00:00:16]} 13. Re1 {[%clk 00:58:48]} {[%emt 00:02:26]} Bc6
{[%clk 00:56:12]} {[%emt 00:03:27]} 14. Ne5 {[%clk 00:57:19]} {[%emt 00:01:58]}
Bxg2 {[%clk 00:50:10]} {[%emt 00:06:33]} 15. Kxg2 {[%clk 00:57:44]} {[%emt
00:00:05]} Bd6 {[%clk 00:50:27]} {[%emt 00:00:13]} 16. Bb2 {[%clk 00:28:18]}
{[%emt 00:29:56]} Na6 {[%clk 00:40:17]} {[%emt 00:10:40]} 17. Nd3 {[%clk
00:22:29]} {[%emt 00:06:18]} f6 {[%clk 00:38:11]} {[%emt 00:02:38]} 18. f4
{[%clk 00:11:44]} {[%emt 00:11:14]} O-O {[%clk 00:36:22]} {[%emt 00:02:19]} 19.
Bd4 {[%clk 00:09:46]} {[%emt 00:02:28]} c5 {[%clk 00:35:34]} {[%emt 00:01:18]}
20. Bf2 {[%clk 00:09:56]} {[%emt 00:00:20]} Qc7 {[%clk 00:32:36]} {[%emt
00:03:28]} 21. Qd1 {[%clk 00:09:30]} {[%emt 00:00:57]} Qc6+ {[%clk 00:31:53]}
{[%emt 00:01:12]} 22. Qf3 {[%clk 00:09:54]} {[%emt 00:00:05]} Rfc8 {[%clk
00:31:32]} {[%emt 00:00:51]} 23. Red1 {[%clk 00:06:35]} {[%emt 00:03:49]} Kf7
{[%clk 00:29:40]} {[%emt 00:02:23]} 24. Rd2 {[%clk 00:05:56]} {[%emt 00:01:10]}
Be7 {[%clk 00:28:40]} {[%emt 00:01:29]} 25. Re1 {[%clk 00:04:24]} {[%emt
00:02:02]} Qxf3+ {[%clk 00:25:19]} {[%emt 00:03:51]} 26. Kxf3 {[%clk 00:04:52]}
{[%emt 00:00:02]} Rc7 {[%clk 00:24:54]} {[%emt 00:00:55]} 27. Rb1 {[%clk
00:02:10]} {[%emt 00:03:12]} d5 {[%clk 00:19:51]} {[%emt 00:05:33]} 28. f5
{[%clk 00:02:10]} {[%emt 00:00:30]} dxc4 {[%clk 00:19:57]} {[%emt 00:00:24]} 29.
fxe6+ {[%clk 00:02:34]} {[%emt 00:00:06]} Kxe6 {[%clk 00:20:24]} {[%emt
00:00:03]} 30. Nf4+ {[%clk 00:03:00]} {[%emt 00:00:04]} Kf7 {[%clk 00:20:50]}
{[%emt 00:00:05]} 31. Rc2 {[%clk 00:03:20]} {[%emt 00:00:10]} Nb4 {[%clk
00:12:26]} {[%emt 00:08:53]} 32. Rxc4 {[%clk 00:03:36]} {[%emt 00:00:13]} Rd7
{[%clk 00:11:10]} {[%emt 00:01:47]} 33. Bxc5 {[%clk 00:01:28]} {[%emt
00:02:38]} Nc6 {[%clk 00:11:37]} {[%emt 00:00:04]} 34. Rc2 {[%clk 00:01:37]}
{[%emt 00:00:20]} Ne5+ {[%clk 00:10:45]} {[%emt 00:01:22]} 35. Ke3 {[%clk
00:01:12]} {[%emt 00:00:55]} Rc8 {[%clk 00:09:51]} {[%emt 00:01:24]} 36. Rbc1
{[%clk 00:00:59]} {[%emt 00:00:43]} Rdc7 {[%clk 00:09:39]} {[%emt 00:00:42]} 37.
Kd4 {[%clk 00:01:08]} {[%emt 00:00:20]} g5 {[%clk 00:08:30]} {[%emt 00:01:39]}
38. Ne2 {[%clk 00:00:56]} {[%emt 00:00:43]} Nd7 {[%clk 00:08:18]} {[%emt
00:00:42]} 39. Bxe7 {[%clk 00:01:12]} {[%emt 00:00:14]} Rxc2 {[%clk 00:08:44]}
{[%emt 00:00:04]} 40. Ba3 {[%clk 00:01:39]} {[%emt 00:00:03]} Ne5 {[%clk
00:08:38]} {[%emt 00:00:35]} 0-1

[Event "European Chess Club Cup 2023"]
[Site "Durres, Albania"]
[Date "2023.10.03"]
[Round "3.14"]
[White "Grandelius, Nils"]
[Black "Kobo, Ori"]
[Result "1-0"]
[TimeControl "90' + 30' & 30\""]
[WhiteElo "2689"]
[BlackElo "2551"]

1. e4 {[%clk 01:29:27]} {[%emt 00:01:32]} e6 {[%clk 01:30:45]} {[%emt
00:00:15]} 2. d4 {[%clk 01:29:06]} {[%emt 00:00:52]} d5 {[%clk 01:31:02]}
{[%emt 00:00:12]} 3. Nc3 {[%clk 01:29:04]} {[%emt 00:00:32]} Nf6 {[%clk
01:31:12]} {[%emt 00:00:20]} 4. e5 {[%clk 01:28:44]} {[%emt 00:00:49]} Nfd7
{[%clk 01:31:28]} {[%emt 00:00:14]} 5. Nce2 {[%clk 01:29:02]} {[%emt 00:00:13]}
c5 {[%clk 01:31:40]} {[%emt 00:00:17]} 6. c3 {[%clk 01:29:23]} {[%emt
00:00:09]} Nc6 {[%clk 01:31:57]} {[%emt 00:00:13]} 7. f4 {[%clk 01:29:10]}
{[%emt 00:00:44]} Qb6 {[%clk 01:28:54]} {[%emt 00:03:32]} 8. Nf3 {[%clk
01:29:07]} {[%emt 00:00:34]} f6 {[%clk 01:22:21]} {[%emt 00:07:03]} 9. h4
{[%clk 01:23:00]} {[%emt 00:06:38]} Be7 {[%clk 01:05:27]} {[%emt 00:17:22]} 10.
Rh3 {[%clk 01:22:11]} {[%emt 00:01:20]} O-O {[%clk 01:04:07]} {[%emt 00:01:47]}
11. a3 {[%clk 00:37:07]} {[%emt 00:45:37]} cxd4 {[%clk 00:47:56]} {[%emt
00:16:40]} 12. cxd4 {[%clk 00:37:31]} {[%emt 00:00:06]} Na5 {[%clk 00:48:12]}
{[%emt 00:00:14]} 13. Ra2 {[%clk 00:31:57]} {[%emt 00:06:04]} Qb3 {[%clk
00:35:31]} {[%emt 00:13:11]} 14. Qxb3 {[%clk 00:31:42]} {[%emt 00:00:46]} Nxb3
{[%clk 00:35:51]} {[%emt 00:00:10]} 15. Be3 {[%clk 00:32:03]} {[%emt 00:00:08]}
Nb6 {[%clk 00:35:28]} {[%emt 00:00:53]} 16. Nd2 {[%clk 00:28:11]} {[%emt
00:04:23]} Nxd2 {[%clk 00:34:53]} {[%emt 00:01:05]} 17. Bxd2 {[%clk 00:28:39]}
{[%emt 00:00:02]} Bd7 {[%clk 00:33:02]} {[%emt 00:02:20]} 18. b3 {[%clk
00:25:54]} {[%emt 00:03:15]} Rac8 {[%clk 00:24:30]} {[%emt 00:09:03]} 19. a4
{[%clk 00:23:03]} {[%emt 00:03:21]} Be8 {[%clk 00:23:52]} {[%emt 00:01:08]} 20.
h5 {[%clk 00:23:19]} {[%emt 00:00:15]} Nd7 {[%clk 00:20:44]} {[%emt 00:03:36]}
21. g4 {[%clk 00:19:01]} {[%emt 00:04:49]} Nb8 {[%clk 00:16:40]} {[%emt
00:04:34]} 22. exf6 {[%clk 00:16:51]} {[%emt 00:02:40]} Bxf6 {[%clk 00:12:24]}
{[%emt 00:04:46]} 23. Bc3 {[%clk 00:10:41]} {[%emt 00:06:39]} Be7 {[%clk
00:09:55]} {[%emt 00:02:59]} 24. Rf3 {[%clk 00:07:32]} {[%emt 00:03:40]} g5
{[%clk 00:07:11]} {[%emt 00:03:14]} 25. Bd2 {[%clk 00:04:19]} {[%emt 00:03:43]}
Nc6 {[%clk 00:05:33]} {[%emt 00:02:07]} 26. Rc2 {[%clk 00:04:45]} {[%emt
00:00:05]} Bd7 {[%clk 00:04:36]} {[%emt 00:01:26]} 27. Bg2 {[%clk 00:03:54]}
{[%emt 00:01:22]} gxf4 {[%clk 00:04:14]} {[%emt 00:00:52]} 28. Rxf4 {[%clk
00:03:29]} {[%emt 00:00:55]} Bh4+ {[%clk 00:02:22]} {[%emt 00:02:23]} 29. Kd1
{[%clk 00:03:13]} {[%emt 00:00:45]} Bf2 {[%clk 00:02:23]} {[%emt 00:00:28]} 30.
Rxf8+ {[%clk 00:00:56]} {[%emt 00:02:48]} Rxf8 {[%clk 00:02:52]} 31. Rc3 {[%clk
00:00:51]} {[%emt 00:00:36]} Nxd4 {[%clk 00:01:54]} {[%emt 00:01:28]} 32. Rc7
{[%clk 00:01:18]} {[%emt 00:00:02]} Rf7 {[%clk 00:00:50]} {[%emt 00:01:34]} 33.
Rxb7 {[%clk 00:00:52]} {[%emt 00:00:57]} Nxb3 {[%clk 00:01:04]} {[%emt
00:00:15]} 34. Bh6 {[%clk 00:00:50]} {[%emt 00:00:32]} Bc5 {[%clk 00:00:42]}
{[%emt 00:00:51]} 35. g5 {[%clk 00:00:56]} {[%emt 00:00:25]} Bxa4 {[%clk
00:00:33]} {[%emt 00:00:39]} 36. Rb8+ {[%clk 00:01:22]} {[%emt 00:00:04]} Bf8
{[%clk 00:00:32]} {[%emt 00:00:32]} 37. Nc3 {[%clk 00:01:20]} {[%emt 00:00:31]}
Bd7 {[%clk 00:00:32]} {[%emt 00:00:30]} 38. g6 {[%clk 00:01:22]} {[%emt
00:00:29]} hxg6 {[%clk 00:00:57]} {[%emt 00:00:04]} 39. hxg6 {[%clk 00:01:51]}
Rg7 {[%clk 00:00:32]} {[%emt 00:00:55]} 40. Bxg7 {[%clk 00:01:09]} {[%emt
00:01:13]} Kxg7 {[%clk 00:01:00]} {[%emt 00:00:01]} 41. Rxb3 {[%clk 00:01:02]}
{[%emt 00:00:37]} Kxg6 {[%clk 00:27:11]} {[%emt 00:04:19]} 42. Rb7 {[%clk
00:30:08]} {[%emt 00:01:24]} 1-0

[Event "European Chess Club Cup 2023"]
[Site "Durres, Albania"]
[Date "2023.10.03"]
[Round "3.15"]
[White "Steinberg, Nitzan"]
[Black "Navara, David"]
[Result "1/2-1/2"]
[TimeControl "90' + 30' & 30\""]
[WhiteElo "2543"]
[BlackElo "2689"]

1. e4 {[%clk 01:30:52]} {[%emt 00:00:07]} c5 {[%clk 01:30:55]} {[%emt
00:00:06]} 2. Nf3 {[%clk 01:31:11]} {[%emt 00:00:11]} d6 {[%clk 01:31:20]}
{[%emt 00:00:05]} 3. d4 {[%clk 01:31:16]} {[%emt 00:00:25]} cxd4 {[%clk
01:31:45]} {[%emt 00:00:05]} 4. Qxd4 {[%clk 01:31:39]} {[%emt 00:00:05]} Nf6
{[%clk 01:32:07]} {[%emt 00:00:09]} 5. Nc3 {[%clk 01:31:58]} {[%emt 00:00:11]}
Nc6 {[%clk 01:31:51]} {[%emt 00:00:47]} 6. Qd3 {[%clk 01:32:18]} {[%emt
00:00:09]} a6 {[%clk 01:18:04]} {[%emt 00:14:17]} 7. Be2 {[%clk 01:30:25]}
{[%emt 00:02:22]} g6 {[%clk 01:14:50]} {[%emt 00:03:46]} 8. O-O {[%clk
01:30:33]} {[%emt 00:00:22]} Bg7 {[%clk 01:11:38]} {[%emt 00:03:41]} 9. Nd5
{[%clk 01:28:07]} {[%emt 00:02:56]} O-O {[%clk 01:11:09]} {[%emt 00:01:00]} 10.
c3 {[%clk 01:28:04]} {[%emt 00:00:33]} Re8 {[%clk 01:06:10]} {[%emt 00:05:28]}
11. Bg5 {[%clk 01:14:43]} {[%emt 00:13:51]} Nxd5 {[%clk 01:03:39]} {[%emt
00:03:02]} 12. exd5 {[%clk 01:15:03]} {[%emt 00:00:10]} Ne5 {[%clk 01:04:02]}
{[%emt 00:00:06]} 13. Nxe5 {[%clk 01:14:44]} {[%emt 00:00:50]} Bxe5 {[%clk
01:04:23]} {[%emt 00:00:09]} 14. a4 {[%clk 01:09:47]} {[%emt 00:05:26]} Bd7
{[%clk 01:02:28]} {[%emt 00:02:25]} 15. Qc2 {[%clk 00:57:32]} {[%emt 00:12:45]}
b5 {[%clk 00:59:40]} {[%emt 00:03:19]} 16. axb5 {[%clk 00:48:58]} {[%emt
00:09:04]} axb5 {[%clk 00:57:49]} {[%emt 00:02:21]} 17. Qb3 {[%clk 00:47:14]}
{[%emt 00:02:14]} Qb8 {[%clk 00:51:32]} {[%emt 00:06:47]} 18. Bd3 {[%clk
00:38:43]} {[%emt 00:09:00]} Ra4 {[%clk 00:49:02]} {[%emt 00:03:00]} 19. Rae1
{[%clk 00:35:45]} {[%emt 00:03:28]} b4 {[%clk 00:47:39]} {[%emt 00:01:53]} 20.
c4 {[%clk 00:28:25]} {[%emt 00:07:50]} Ra8 {[%clk 00:47:10]} {[%emt 00:00:59]}
21. Bd2 {[%clk 00:22:32]} {[%emt 00:06:24]} Ba4 {[%clk 00:45:56]} {[%emt
00:01:44]} 22. Qxb4 {[%clk 00:22:57]} {[%emt 00:00:05]} Qxb4 {[%clk 00:40:58]}
{[%emt 00:05:28]} 23. Bxb4 {[%clk 00:23:23]} {[%emt 00:00:04]} Bxb2 {[%clk
00:41:14]} {[%emt 00:00:13]} 24. Re2 {[%clk 00:22:04]} {[%emt 00:01:49]} Bf6
{[%clk 00:40:16]} {[%emt 00:01:28]} 25. Rb1 {[%clk 00:13:07]} {[%emt 00:09:29]}
Reb8 {[%clk 00:37:16]} {[%emt 00:03:29]} 26. Ra2 {[%clk 00:12:01]} {[%emt
00:01:36]} Bd4 {[%clk 00:37:08]} {[%emt 00:00:37]} 27. h3 {[%clk 00:07:56]}
{[%emt 00:04:35]} Kg7 {[%clk 00:31:33]} {[%emt 00:06:05]} 28. Ra3 {[%clk
00:06:33]} {[%emt 00:01:54]} h5 {[%clk 00:26:49]} {[%emt 00:05:14]} 29. Kf1
{[%clk 00:05:26]} {[%emt 00:01:38]} Bd7 {[%clk 00:24:23]} {[%emt 00:02:55]} 30.
Rab3 {[%clk 00:04:22]} {[%emt 00:01:34]} Ba4 {[%clk 00:22:43]} {[%emt
00:02:10]} 31. Ra3 {[%clk 00:04:48]} {[%emt 00:00:05]} Ra7 {[%clk 00:21:28]}
{[%emt 00:01:45]} 32. Bc3 {[%clk 00:02:33]} {[%emt 00:02:44]} Rxb1+ {[%clk
00:21:38]} {[%emt 00:00:19]} 33. Bxb1 {[%clk 00:03:00]} {[%emt 00:00:04]} Bxc3
{[%clk 00:21:55]} {[%emt 00:00:13]} 34. Rxc3 {[%clk 00:03:26]} {[%emt
00:00:03]} h4 {[%clk 00:19:21]} {[%emt 00:03:04]} 35. Ra3 {[%clk 00:02:02]}
{[%emt 00:01:55]} Ra6 {[%clk 00:19:44]} {[%emt 00:00:07]} 36. Bd3 {[%clk
00:01:05]} {[%emt 00:01:27]} Bb5 {[%clk 00:20:01]} {[%emt 00:00:13]} 37. Rxa6
{[%clk 00:01:22]} {[%emt 00:00:13]} Bxa6 {[%clk 00:20:23]} {[%emt 00:00:07]} 38.
Ke2 {[%clk 00:01:24]} {[%emt 00:00:28]} Bb7 {[%clk 00:14:10]} {[%emt 00:06:44]}
39. Ke3 {[%clk 00:01:24]} {[%emt 00:00:31]} Kf6 {[%clk 00:14:31]} {[%emt
00:00:07]} 40. Be4 {[%clk 00:00:44]} {[%emt 00:01:11]} Ke5 {[%clk 00:13:08]}
{[%emt 00:01:52]} 41. f4+ {[%clk 00:26:13]} {[%emt 00:05:01]} Kf6 {[%clk
00:43:26]} {[%emt 00:00:12]} 42. Bf3 {[%clk 00:26:02]} {[%emt 00:00:41]} Ba6
{[%clk 00:42:23]} {[%emt 00:01:33]} 43. Be2 {[%clk 00:26:10]} {[%emt 00:00:22]}
g5 {[%clk 00:37:08]} {[%emt 00:05:46]} 44. Bd3 {[%clk 00:23:54]} {[%emt
00:02:46]} e5 {[%clk 00:31:25]} {[%emt 00:06:12]} 45. dxe6 {[%clk 00:20:51]}
{[%emt 00:03:34]} fxe6 {[%clk 00:31:30]} {[%emt 00:00:24]} 46. Be2 {[%clk
00:16:09]} {[%emt 00:05:13]} Bb7 {[%clk 00:27:01]} {[%emt 00:04:59]} 47. Bf3
{[%clk 00:14:07]} {[%emt 00:02:32]} Ba6 {[%clk 00:27:17]} {[%emt 00:00:13]} 48.
Be2 {[%clk 00:14:30]} {[%emt 00:00:08]} e5 {[%clk 00:25:09]} {[%emt 00:02:38]}
49. fxg5+ {[%clk 00:12:32]} {[%emt 00:02:27]} Kxg5 {[%clk 00:25:18]} {[%emt
00:00:21]} 50. Bd3 {[%clk 00:12:46]} {[%emt 00:00:16]} Kf6 {[%clk 00:21:07]}
{[%emt 00:04:41]} 51. Be2 {[%clk 00:12:28]} {[%emt 00:00:49]} Ke6 {[%clk
00:19:33]} {[%emt 00:02:04]} 52. Kf3 {[%clk 00:09:38]} {[%emt 00:03:20]} Ke7
{[%clk 00:16:37]} {[%emt 00:03:22]} 53. Ke4 {[%clk 00:06:39]} {[%emt 00:03:32]}
Kd7 {[%clk 00:16:55]} {[%emt 00:00:12]} 54. Kf5 {[%clk 00:03:21]} {[%emt
00:03:49]} Kc6 {[%clk 00:13:59]} {[%emt 00:03:26]} 55. Kg5 {[%clk 00:03:50]}
{[%emt 00:00:01]} Kc5 {[%clk 00:14:18]} {[%emt 00:00:10]} 56. Bd1 {[%clk
00:02:23]} {[%emt 00:01:58]} e4 {[%clk 00:10:13]} {[%emt 00:04:35]} 57. Kxh4
{[%clk 00:02:31]} {[%emt 00:00:21]} e3 {[%clk 00:10:30]} {[%emt 00:00:13]} 58.
Kg3 {[%clk 00:02:15]} {[%emt 00:00:47]} Kd4 {[%clk 00:09:23]} {[%emt 00:01:37]}
59. h4 {[%clk 00:01:14]} {[%emt 00:01:31]} Bxc4 {[%clk 00:09:30]} {[%emt
00:00:23]} 60. Kf3 {[%clk 00:01:03]} {[%emt 00:00:41]} Bd5+ {[%clk 00:08:36]}
{[%emt 00:01:23]} 61. Kf4 {[%clk 00:00:39]} {[%emt 00:00:55]} Bc4 {[%clk
00:04:27]} {[%emt 00:04:38]} 62. Kf3 {[%clk 00:00:50]} {[%emt 00:00:20]} Bd5+
{[%clk 00:04:39]} {[%emt 00:00:17]} 63. Kf4 {[%clk 00:01:16]} {[%emt 00:00:04]}
Bxg2 {[%clk 00:05:02]} {[%emt 00:00:07]} 64. Be2 {[%clk 00:01:35]} {[%emt
00:00:11]} Be4 {[%clk 00:03:42]} {[%emt 00:01:50]} 65. h5 {[%clk 00:02:02]}
{[%emt 00:00:04]} d5 {[%clk 00:03:09]} {[%emt 00:01:03]} 66. h6 {[%clk
00:02:28]} {[%emt 00:00:03]} Bh7 {[%clk 00:03:25]} {[%emt 00:00:14]} 67. Bf1
{[%clk 00:01:46]} {[%emt 00:01:12]} Bd3 {[%clk 00:03:49]} {[%emt 00:00:06]} 68.
Be2 {[%clk 00:02:12]} {[%emt 00:00:04]} Bh7 {[%clk 00:03:48]} {[%emt 00:00:30]}
69. Bf1 {[%clk 00:02:38]} {[%emt 00:00:06]} Be4 {[%clk 00:04:11]} {[%emt
00:00:07]} 70. Be2 {[%clk 00:02:32]} {[%emt 00:00:36]} Bd3 {[%clk 00:04:35]}
{[%emt 00:00:05]} 71. Kf3 {[%clk 00:02:58]} {[%emt 00:00:05]} Bg6 {[%clk
00:04:43]} {[%emt 00:00:21]} 72. Kf4 {[%clk 00:03:20]} {[%emt 00:00:08]} Be4
{[%clk 00:05:08]} {[%emt 00:00:05]} 73. Bf1 {[%clk 00:03:23]} {[%emt 00:00:28]}
Bd3 {[%clk 00:05:25]} {[%emt 00:00:13]} 74. Be2 {[%clk 00:03:48]} {[%emt
00:00:04]} Bc2 {[%clk 00:05:44]} {[%emt 00:00:11]} 1/2-1/2

[Event "European Chess Club Cup 2023"]
[Site "Durres, Albania"]
[Date "2023.10.03"]
[Round "3.16"]
[White "Nguyen, Thai Dai Van"]
[Black "Greenfeld, Alon"]
[Result "1-0"]
[TimeControl "90' + 30' & 30\""]
[WhiteElo "2618"]
[BlackElo "2455"]

1. e4 {[%clk 01:30:40]} {[%emt 00:00:19]} c5 {[%clk 01:26:15]} {[%emt
00:04:46]} 2. Nf3 {[%clk 01:31:03]} {[%emt 00:00:08]} d6 {[%clk 01:25:05]}
{[%emt 00:01:39]} 3. d4 {[%clk 01:31:27]} {[%emt 00:00:07]} cxd4 {[%clk
01:25:27]} {[%emt 00:00:08]} 4. Nxd4 {[%clk 01:31:53]} {[%emt 00:00:03]} Nf6
{[%clk 01:25:38]} {[%emt 00:00:19]} 5. Nc3 {[%clk 01:32:17]} {[%emt 00:00:06]}
Nc6 {[%clk 01:24:43]} {[%emt 00:01:24]} 6. Bg5 {[%clk 01:31:48]} {[%emt
00:01:00]} e6 {[%clk 01:23:33]} {[%emt 00:01:40]} 7. Qd2 {[%clk 01:32:04]}
{[%emt 00:00:14]} a6 {[%clk 01:23:07]} {[%emt 00:00:56]} 8. O-O-O {[%clk
01:32:26]} {[%emt 00:00:09]} Bd7 {[%clk 01:20:18]} {[%emt 00:03:18]} 9. Kb1
{[%clk 01:32:48]} {[%emt 00:00:08]} Be7 {[%clk 01:13:47]} {[%emt 00:07:01]} 10.
Nxc6 {[%clk 01:32:36]} {[%emt 00:00:42]} Bxc6 {[%clk 01:14:08]} {[%emt
00:00:09]} 11. f3 {[%clk 01:32:56]} {[%emt 00:00:11]} Rc8 {[%clk 00:54:53]}
{[%emt 00:19:44]} 12. h4 {[%clk 01:28:18]} {[%emt 00:05:08]} h6 {[%clk
00:54:04]} {[%emt 00:01:19]} 13. Be3 {[%clk 01:28:10]} {[%emt 00:00:38]} d5
{[%clk 00:48:34]} {[%emt 00:06:00]} 14. e5 {[%clk 01:27:21]} {[%emt 00:01:19]}
Nd7 {[%clk 00:48:47]} {[%emt 00:00:16]} 15. Qe1 {[%clk 01:09:36]} {[%emt
00:18:16]} Qc7 {[%clk 00:44:00]} {[%emt 00:05:17]} 16. f4 {[%clk 01:06:16]}
{[%emt 00:03:50]} h5 {[%clk 00:44:09]} {[%emt 00:00:22]} 17. Rc1 {[%clk
00:51:52]} {[%emt 00:14:54]} g6 {[%clk 00:36:50]} {[%emt 00:07:48]} 18. Rh3
{[%clk 00:52:06]} {[%emt 00:00:16]} Nc5 {[%clk 00:29:28]} {[%emt 00:07:52]} 19.
Qd1 {[%clk 00:51:25]} {[%emt 00:01:11]} Qd8 {[%clk 00:16:26]} {[%emt 00:13:32]}
20. g3 {[%clk 00:42:21]} {[%emt 00:09:35]} Qa5 {[%clk 00:14:07]} {[%emt
00:02:48]} 21. g4 {[%clk 00:33:42]} {[%emt 00:09:09]} d4 {[%clk 00:09:50]}
{[%emt 00:04:47]} 22. Bxd4 {[%clk 00:33:27]} {[%emt 00:00:45]} Rd8 {[%clk
00:10:09]} {[%emt 00:00:11]} 23. gxh5 {[%clk 00:25:28]} {[%emt 00:08:30]} Rxh5
{[%clk 00:10:31]} {[%emt 00:00:08]} 24. Be2 {[%clk 00:25:55]} {[%emt 00:00:02]}
Rf5 {[%clk 00:07:19]} {[%emt 00:03:42]} 25. h5 {[%clk 00:23:22]} {[%emt
00:03:03]} gxh5 {[%clk 00:07:24]} {[%emt 00:00:25]} 26. Rxh5 {[%clk 00:22:18]}
{[%emt 00:01:34]} Rxh5 {[%clk 00:07:43]} {[%emt 00:00:11]} 27. Bxh5 {[%clk
00:22:45]} {[%emt 00:00:02]} Bf8 {[%clk 00:01:20]} {[%emt 00:06:54]} 28. Qg1
{[%clk 00:19:12]} {[%emt 00:04:03]} Rd7 {[%clk 00:01:11]} {[%emt 00:00:39]} 29.
f5 {[%clk 00:17:46]} {[%emt 00:01:56]} exf5 {[%clk 00:00:44]} {[%emt 00:00:57]}
30. Bxc5 {[%clk 00:18:07]} {[%emt 00:00:09]} Qxc5 {[%clk 00:01:09]} {[%emt
00:00:05]} 31. e6 {[%clk 00:18:33]} {[%emt 00:00:04]} Rd4 {[%clk 00:00:38]}
{[%emt 00:01:02]} 32. Qg5 {[%clk 00:17:38]} {[%emt 00:01:23]} 1-0